|
|
|
|
| LEADER |
00000caa a2200000 c 4500 |
| 001 |
163808341X |
| 003 |
DE-627 |
| 005 |
20220608121334.0 |
| 007 |
tu |
| 008 |
140507s1995 xx ||||| 00| ||und c |
| 035 |
|
|
|a (DE-627)163808341X
|
| 035 |
|
|
|a (DE-576)405165870
|
| 035 |
|
|
|a (DE-599)BSZ405165870
|
| 040 |
|
|
|a DE-627
|b ger
|c DE-627
|e rakwb
|
| 100 |
1 |
|
|a Emmes, Manfred P.
|d 1955-
|0 (DE-588)1120315476
|0 (DE-627)873281950
|0 (DE-576)176256083
|4 aut
|
| 109 |
|
|
|a Emmes, Manfred P. 1955-
|a Emmes, Manfred 1955-
|a Emmes, Manfred-P. 1955-
|
| 245 |
1 |
4 |
|a Die neue niederländische Drogenpolitik - Kontinuität oder Wandel?
|c Manfred P. Emmes
|
| 264 |
|
1 |
|c 1995
|
| 336 |
|
|
|a Text
|b txt
|2 rdacontent
|
| 337 |
|
|
|a ohne Hilfsmittel zu benutzen
|b n
|2 rdamedia
|
| 338 |
|
|
|a Band
|b nc
|2 rdacarrier
|
| 773 |
0 |
8 |
|i In
|t Zeitschrift für Sozialhilfe und Sozialgesetzbuch
|d Starnberg : Schulz, 1983
|g 34(1995), 12, Seite 618-622
|w (DE-627)13066961X
|w (DE-600)872555-X
|w (DE-576)016215567
|x 0724-4711
|7 nnas
|
| 773 |
1 |
8 |
|g volume:34
|g year:1995
|g number:12
|g pages:618-622
|
| 935 |
|
|
|a mkri
|
| 951 |
|
|
|a AR
|
| ELC |
|
|
|b 1
|
| LOK |
|
|
|0 000 xxxxxcx a22 zn 4500
|
| LOK |
|
|
|0 001 3297125349
|
| LOK |
|
|
|0 003 DE-627
|
| LOK |
|
|
|0 004 163808341X
|
| LOK |
|
|
|0 005 20160223094831
|
| LOK |
|
|
|0 008 160208||||||||||||||||ger|||||||
|
| LOK |
|
|
|0 040
|a DE-21-110
|c DE-627
|d DE-21-110
|
| LOK |
|
|
|0 689
|a s
|a Niederlande
|
| LOK |
|
|
|0 689
|a s
|a Drogenpolitik
|
| LOK |
|
|
|0 852
|z Kein Bestand am IfK; Nachweis für KrimDok
|
| LOK |
|
|
|0 852
|a DE-21-110
|
| LOK |
|
|
|0 852 1
|m v
|9 00
|
| LOK |
|
|
|0 935
|a k110
|
| LOK |
|
|
|0 938
|k v
|
| LOK |
|
|
|0 939
|a 08-02-16
|b l01
|
| ORI |
|
|
|a SA-MARC-krimdoka001.raw
|